| 000 | 00666nam a22002057a 4500 | ||
|---|---|---|---|
| 003 | OSt | ||
| 005 | 20151130125754.0 | ||
| 008 | 151126s2015 sp ||||| |||| 00| 0 cat d | ||
| 020 | _a9788415808305 | ||
| 040 |
_aCDMR _bcat _cCDMR |
||
| 100 | 1 |
_91204 _aMestre i Vergés, Jordi |
|
| 245 | 1 | 0 |
_aLa verema dels 80 _b: una emigració civilitzada _cJordi Mestre Vergés i Xavier Martí Ylla |
| 250 | _a1a ed. | ||
| 260 |
_aGirona: _bCasa de Cultura de la Diputació de Girona, _c2015. |
||
| 300 | _a102 p. | ||
| 650 | 0 | 4 |
_93679 _aFotoperiodisme _xExposicions |
| 650 | 0 | 4 |
_92799 _aPeriodisme _xAspectes socials |
| 700 | 1 |
_94605 _aMartí i Ylla, Xavier, _d1957- |
|
| 942 |
_2udc _cMON |
||
| 999 |
_c6903 _d6903 |
||